=LDR 00000nam 2200000 4500 =001 INLIS000000000039771 =005 20130612145359 =008 ***********************************ind** =035 ##$$a0010-061300000039771 =041 ##$$a ind =082 ##$$a 336.2 =090 ##$$a 336.2, Mar p =100 ##$$a MARKUS, Muda =245 ##$$a Perpajakan indonesia suatu pengantar, Muda markus =260 ##$$a 2005 $b Jakarta =300 ##$$a Xix,516 Hlm, 23 cm =650 ##$$a PAJAK DAN PERPAJAKAN INDONESIA =850 ##$$a NBPNMAT =990 ##$$a 90292/BPAP-NTB/2014 =990 ##$$a 93684/BPAP-NTB/2014 =990 ##$$a 21400516/BPAP-NTB/2014